01315nab a22002177a 4500003000400000005001700004008004100021040000700062100002600069245025800095260007300353300001500426500004400441505027800485505008900763650002900852650002800881650003000909650002200939773013600961OSt20250224000344.0190603e xxum|||| |||| 00| 0 spa d cPJ aIturbide, Gabriela A.10aComentarios sobre el nuevo régimen de locaciones previsto por la ley 27.737, modificatoria del Código Civil y Comercial y de la ley 27.551. ¿Solución real para el grave problema de acceso a la vivienda de los locatarios? /cGabriela A. Iturbide. cCiudad Autónoma de Buenos Aires :aThomson Reuters La Ley, b2023. ap. 223-240 aCita Online: TR LALEY AR/DOC/2646/2023. aSumario: I. Introducción.— II. Incidencia de las modificaciones al Cód. Civ. y Com. efectuadas por la ley 27.551 en materia de locaciones.— III. La nueva ley 27.737 y su impacto en el Cód. Civ. y Com. modificado por la ley 27.551.— IV. Consideraciones finales.  t¿Te interesa el texto completo? Solicitalo al correo: koha@justierradelfuego.gov.ar 0aCODIGO CIVIL Y COMERCIAL 0aLOCACIÓN DE INMUEBLES 0aACTUALIZACIÓN MONETARIA 0aMONEDA EXTRANJERA0 02713dCiudad Autónoma de Buenos Aires : Thomson Reuters La Ley, 2015-tRevista Código Civil y Comercial. Nº 6 - Diciembre 2023